000 00686nam a2200241 i 4500
001 C2-0115058
003 PPAK
005 20180727105011.0
008 970709s1991 my a|||| ||||| | may d
040 _aPPAK
_beng
_cPPAK
_erda
082 0 4 _a324.22
_223
090 0 0 _a324.22
_bJAA
_dKK
100 0 _aJaafar Abdul Rahim,
_eauthor
245 1 0 _aWawasan 2020 dan DPN
264 1 _aKuala Lumpur :
_bDewan Bahasa dan Pustaka ,
_c1991
300 _a8 pages :
_billustrations ;
_c30 cm
336 _2rdacontent
_atext
337 _2rdamedia
_aunmediated
338 _2rdacarrier
_avolume
500 _aDipetik dari Dewan Masyarakat, Julai 1991
650 1 0 _aLeadership
942 _ddc
_cB
999 _c29627
_d29627